| 000 | 00599nam a2200229 4500 | ||
|---|---|---|---|
| 001 | 30085 | ||
| 003 | BD-RjUL | ||
| 005 | 20211209051517.0 | ||
| 008 | 140408s1966 ne 000 0 eng | ||
| 035 | _a(BD-RjUL)30170 | ||
| 040 |
_aDLC _cDLC _dDLC _dBD-RjUL _beng |
||
| 041 | _aeng | ||
| 082 | 0 | 0 |
_a170 _bJOM 1966 |
| 100 | 1 |
_aJohnson, Oliver A. _991487 |
|
| 245 | 1 | 0 |
_aMoral knowledge / _cby Oliver A. Johnson. |
| 260 |
_aThe Hague : _bMartinus Nijhoff, _c1966. |
||
| 300 |
_ax, 174 p. ; _c24 cm. |
||
| 650 | 0 |
_aEthics. _991488 |
|
| 942 |
_2ddc _cBK |
||
| 999 |
_c30085 _d30085 |
||